| 000 | 00440 a2200109 4500 | ||
|---|---|---|---|
| 001 | ART_6397 | ||
| 005 | 20260410161619.0 | ||
| 008 | 260409a | ||
| 245 | 1 | 0 | _aLa actuación del contador en la constitución de sociedades. La elección tel tipo societario. Previsión de claúsulas arbitrales y la valuación de los aportes en especie |
| 100 | 1 | _aRodríguez, Raquel E. | |
| 773 | 0 |
_tEnfoques _g- Nº 4 (abr. 2009) _wREV416 |
|
| 999 |
_c11416 _d11416 |
||